| 000 | 02053cam a2200313 a 4500 | ||
|---|---|---|---|
| 001 | 15647876 | ||
| 003 | GBCCL | ||
| 005 | 20251105140827.0 | ||
| 008 | 090305s2009 coua b 001 0 eng | ||
| 020 | _a9781600063619 | ||
| 035 | _a15647876 | ||
| 040 |
_aDLC _cDLC _dDLC |
||
| 082 | 0 | 0 |
_a253.5 _222 _bCOL 1 |
| 100 | 1 | _aCollins, Gary R. | |
| 245 | 1 | 0 |
_aChristian coaching : _bhelping others turn potential into reality / _cGary R. Collins. |
| 250 | _aRev., 2nd ed. | ||
| 260 |
_aColorado Springs, CO : _bNavPress, _c2009. |
||
| 300 |
_a411 p. : _bill. ; _c24 cm. |
||
| 336 |
_atext _btxt _2rdacontent |
||
| 337 |
_aunmediated _bn _2rdamedia |
||
| 338 |
_avolume _bnc _2rdacarrier |
||
| 504 | _aIncludes bibliographical references and index. | ||
| 505 | _aWhat is coaching? What makes a good coach? Coaching: it's all about change Coaching: it's a lot about leadership The coaching relationship The coaching skills: listening, questioning, responding Coaching models and issues Getting in touch with the present Getting in touch with the person Clarifying the vision Moving with a mission Coaching for action: goal setting and strategies Coaching through obstacles Transitions and life coaching Relationship and marriage coaching Career coaching Executive and business coaching Churches, spirituality, and coaching The profession and business of coaching Crossing cultures in coaching The challenges of coaching The future of coaching Appendixes. Graph of life Evaluating coaching potential Coaching facts Coaching agreement "Getting to know you" personal information form Identifying values What are your spiritual gifts? Clarifying your mission statement Writing a ten-year letter Energy drainers Finding a coach | ||
| 650 | 0 | _aMentoring in church work. | |
| 906 |
_a7 _bcbc _corignew _d1 _eecip _f20 _gy-gencatlg |
||
| 942 |
_2ddc _cBK _n0 |
||
| 999 |
_c10969 _d10969 |
||